LEADER 01287nam 2200301 c 450 001 996714310203316 005 20260224103858.0 035 $a(EXLCZ)9945475714300041 100 $a20260220d2019 u| | 101 0 $aita 181 $ctxt$2rdacontent 182 $cc$2rdamedia 183 $acr$2rdacarrier 200 00$aArchivi sul confine$ecessioni territoriali e trasferimenti documentari a 70 anni dal Trattato di Parigi del 1947 : atti del convegno internazionale Torino, Archivio di Stato, 6 - 7 dicembre 2017$fa cura di Maria Gattullo ; indice analitico a cura di Leonardo Mineo 210 1$a[Roma]$cMinistero per i beni e le attività culturali e per il turismo. Direzione generale archivi$d2019 215 $a1 Online-Ressource (225 Seiten) 225 1 $aPubblicazioni degli archivi di Stato. Saggi$v118 311 08$aErscheint auch als Print-Ausgabe 9788871252889 410 0$aPubblicazioni degli Archivi di Stato$pSaggi$v118$w991172933593705501 608 $aKonferenzschrift$zTurin$y2017$2gnd-content 608 $aActes de congrès$2idref 608 $aAtti di congressi$2sbt12-content 676 $a940 702 $aGattullo$b Maria$4edt 801 0$bCH-ZuSLS UBS A100 912 $a996714310203316 996 $aArchivi sul confine$91762174 997 $aUNISA